00269nam a2200097Ia 4500008004100000041000800041082001700049100002400066245005500090260002600145240624s9999 xx 000 0 und d aeng a332.6327 VEN aVENKATRAGHVAN DEEPA aEVERYTHING YOU WANTED TO KNOW ABOUT INVESTING IN M c2011aNew DelhibCNBC